| 000 | 01190cam a2200301 i 4500 | ||
|---|---|---|---|
| 003 | SA-RiAUC | ||
| 005 | 20250511065650.0 | ||
| 008 | 250427s1998 ua g b 00000 ara c | ||
| 020 | _a9772251221 | ||
| 040 |
_aSD-KhSNL _bara _cSA-RiAUC _erda |
||
| 082 | 0 | 4 |
_a257.1 _qSA-RiAUC |
| 090 |
_a257.1 _bق ر ض |
||
| 100 | 1 |
_aالقرضاوي، يوسف، _d1926-2022 _eمؤلف. |
|
| 245 | 1 | 2 |
_aالسياسة الشرعية في ضوء نصوص الشريعة ومقاصدها / _cيوسف القرضاوي. |
| 250 | _aالطبعة الأولى. | ||
| 264 | 1 |
_aالقاهرة : _bمكتبة وهبة، _c1998 |
|
| 300 |
_a336 صفحة ؛ _c24 سم. |
||
| 336 |
_aنص _btxt _2rdacontent _3كتاب |
||
| 337 |
_aبدون وسيط _bn _2rdamedia |
||
| 338 |
_aمجلد _bnc _2rdacarrier |
||
| 490 | 0 |
_aنحو وحدة فكرية للعاملين للإسلام ؛ _v4 |
|
| 504 | _aيشتمل على إرجاعات ببليوجرافية. | ||
| 650 | 7 |
_aالنظام السياسي في الإسلام _2aucsh |
|
| 650 | 7 |
_aالإسلام والدولة _2aucsh |
|
| 650 | 7 |
_aالأحكام السلطانية _2aucsh |
|
| 942 |
_2ddc _cBOOK _n0 |
||
| 949 |
_aSA-JeALM _d250427 _umohamedma123 _n1 |
||
| 999 |
_c7805 _d7805 |
||